Statistics for Famous People from Connecticut by Picture

Click here to take the quiz!

General Stats

  • This quiz has been taken 6,286 times
    (133 since last reset)
  • The average score is 8 of 15

Answer Stats

Answer% Correct
Glenn Close
62%
John Mayer
61%
Meg Ryan
61%
P. T. Barnum
60%
Seth MacFarlane
60%
Mark Twain
59%
Benedict Arnold
56%
Katharine Hepburn
54%
Harriet Beecher Stowe
53%
Katherine Heigl
52%
Paul Giamatti
49%
Michael Bolton
47%
J. P. Morgan
44%
Joe Lieberman
33%
Ralph Nader
28%

Score Distribution

Percentile by Number Answered

Percent of People with Each Score

Your Score History

You have not taken this quiz since the last reset